La geometría descriptiva aplicada al dibujo técnico arquitectónico / (Registro nro. 457)
[ vista simple ]
| 000 -LEADER | |
|---|---|
| fixed length control field | 01193nam a2200253Ia 4500 |
| 003 - CONTROL NUMBER IDENTIFIER | |
| control field | PE SENCICO BE |
| 005 - DATE AND TIME OF LATEST TRANSACTION | |
| control field | 20251020182438.0 |
| 008 - FIXED-LENGTH DATA ELEMENTS--GENERAL INFORMATION | |
| fixed length control field | 200515s9999 xx 000 0 und d |
| 020 ## - INTERNATIONAL STANDARD BOOK NUMBER | |
| International Standard Book Number | 978-968-24-8098-0 |
| 040 ## - CATALOGING SOURCE | |
| Original cataloging agency | PE SENCICO BE |
| Transcribing agency | PE SENCICO BE |
| 041 ## - LANGUAGE CODE | |
| Language code of text/sound track or separate title | spa |
| 082 ## - DEWEY DECIMAL CLASSIFICATION NUMBER | |
| Classification number | 516.6 |
| Item number | F38 |
| 100 1# - MAIN ENTRY--PERSONAL NAME | |
| Personal name | Fernández Calvo, Silvestre |
| 9 (RLIN) | 3209 |
| Relator term | autor |
| 245 10 - TITLE STATEMENT | |
| Title | La geometría descriptiva aplicada al dibujo técnico arquitectónico / |
| Statement of responsibility, etc. | Silvestre Fernandez Calvo |
| 250 ## - EDITION STATEMENT | |
| Edition statement | 2a ed. |
| 260 ## - PUBLICATION, DISTRIBUTION, ETC. | |
| Place of publication, distribution, etc. | México, D.F. : |
| Name of publisher, distributor, etc. | Trillas ; |
| Date of publication, distribution, etc. | 2007 |
| 300 ## - PHYSICAL DESCRIPTION | |
| Extent | 131 páginas : |
| Other physical details | ilustraciones, tablas, gráficos ; |
| Dimensions | 27 cm. |
| 505 0# - FORMATTED CONTENTS NOTE | |
| Formatted contents note | Relaciones espaciales fundamentales -- Problemas de geometría -- Axonometrías -- Intersecciones -- Sombras -- Relaciones espaciales arquitectónicas -- Axonometría en arquitectura -- Dibujos arquitectónicos |
| 520 3# - SUMMARY, ETC. | |
| Summary, etc. | Reúne los elementos metodológicos y técnicos pertenecientes a las materias de geometría descriptiva y dibujo técnico, con el propósito de integrar el estudio de ambas en un solo curso. |
| 650 10 - SUBJECT ADDED ENTRY--TOPICAL TERM | |
| Topical term or geographic name entry element | Geometría descriptiva |
| 9 (RLIN) | 22 |
| 650 20 - SUBJECT ADDED ENTRY--TOPICAL TERM | |
| Topical term or geographic name entry element | Dibujo arquitectónico |
| 9 (RLIN) | 428 |
| 650 20 - SUBJECT ADDED ENTRY--TOPICAL TERM | |
| Topical term or geographic name entry element | Dibujo técnico |
| 9 (RLIN) | 336 |
| 942 ## - ADDED ENTRY ELEMENTS (KOHA) | |
| Koha item type | Libros |
| Source of classification or shelving scheme | Dewey Decimal Classification |
| Fecha de la última vez que lo usaron | Número de ingreso o de inventario | Pago total | Signatura topográfica completa | Código de barras | Precio efectivo desde | Tipo de documento | Nota pública | Estado perdido | Sistema de clasificación | Estado dañado | No es para préstamo | Retirado | Ubicación permanente | Ubicación actual | Fecha de adquisición |
|---|---|---|---|---|---|---|---|---|---|---|---|---|---|---|---|
| 15/05/2020 | 15128 | 516.6/F38/2007 | BibLima25070025 | 15/05/2020 | Libros | Reimp. 2010 | Dewey Decimal Classification | Biblioteca Central Lima | Biblioteca Central Lima | 15/05/2020 |